[Event "FromentPierre"]
[Site "http://www.queenalice.com/game.php?id=1298711"]
[Date "2014.8.2"]
[Round "1"]
[White "Betov"]
[Black "robertson"]
[Result "0-1"]
[WhiteElo "1663"]
[BlackElo "1764"]

1. e4 e5 2. Nf3 Qf6 3. Bc4 Bc5 4. d3 h6 5. Nc3 c6 6. a4 a5 7. Bd2 Ne7 8. Qe2 d6
9. h3 Nd7 10. Na2 d5 11. exd5 cxd5 12. Bb5 O-O 13. O-O Nf5 14. Nc3 Nb6 15. b3
Bd7 16. Bxd7 Nxd7 17. Nxd5 Qd6 18. c4 Rfe8 19. Bc3 Ne7 20. Nxe7+ Rxe7 21. Rfe1
f6 22. Nh4 Qb6 23. Nf5 Rf7 24. Rab1 Qe6 25. Qf3 Qb6 26. Qg4 Kf8 27. Re2 Qc7 28.
d4 exd4 29. Bxd4 Bxd4 30. Nxd4 Ne5 31. Qh5 Qd7 32. Nb5 Qd3 33. Ree1 Kg8 34. Red1
Qh7 35. Nd6 Rff8 36. Nxb7 g6 37. Qe2 Qxb7 38. Qe3 Kg7 39. Rd6 Rae8 40. Rbd1 Nf7
41. Qd4 Nxd6 42. Qxd6 Rd8 43. Qxd8 Rxd8 44. Rxd8 Qxb3 45. Rd7+ Kg8 46. Ra7 Qxa4
47. Ra6 Kf7 48. Ra7+ Ke6 49. Ra6+ Ke5 50. Kh2 g5 51. Ra7 Kf5 52. Ra6 h5 53. Ra7
Qb4 54. Ra6 Qc5 55. g4+ hxg4 56. hxg4+ Kg6 57. Kg2 Qb4 58. Kg3 a4 59. c5 Qf4+
60. Kh3 Qf3+ 61. Kh2 Qxf2+ 62. Kh3 Qf1+ 0-1

[Event "Challenge"]
[Site "http://www.queenalice.com/game.php?id=1299817"]
[Date "2014.8.6"]
[Round "-"]
[White "Betov"]
[Black "paolop69"]
[Result "0-1"]
[WhiteElo "1734"]
[BlackElo "1706"]

1. e4 e5 2. Nf3 d6 3. h3 c6 4. Nc3 Be7 5. Bc4 b5 6. Bb3 Be6 7. a4 Bxb3 8. cxb3
a6 9. d4 h6 10. dxe5 dxe5 11. Qxd8+ Bxd8 12. Nxe5 Ne7 13. O-O Nd7 14. Nxd7 Kxd7
15. Bf4 Kc8 16. axb5 cxb5 17. Nxb5 Bb6 18. Nd6+ Kd7 19. Nxf7 Rhf8 20. Ne5+ Ke8
21. g3 Bd4 22. Rad1 Bxe5 23. Bxe5 Rf7 24. Bc3 Nc6 25. Rd6 Nd8 26. e5 Nb7 27. Rb6
Nc5 28. e6 Rb7 29. Rc6 Ne4 30. b4 Ng5 31. Kg2 g6 32. Re1 Rb5 33. e7 Nf7 34. Bg7
h5 35. Bf8 Re5 36. Rd1 g5 37. Rc5 Rxc5 38. bxc5 Rc8 39. b4 a5 40. bxa5 Rxc5 41.
Ra1 Nd6 42. a6 Rc8 43. Bh6 Nf7 44. Bf8 Ra8 45. f4 gxf4 46. gxf4 Nd6 47. Kg3 Nf5+
48. Kf2 Nd4 49. f5 Nxf5 50. Ra5 Nd6 0-1

[Event "Challenge"]
[Site "http://www.queenalice.com/game.php?id=1303850"]
[Date "2014.8.24"]
[Round "-"]
[White "Betov"]
[Black "constantin"]
[Result "0-1"]
[WhiteElo "1592"]
[BlackElo "1635"]

1. e4 e5 2. Nf3 Nc6 3. Bb5 Nge7 4. d3 a6 5. Ba4 b5 6. Bb3 h6 7. Nc3 Bb7 8. a4 b4
9. Ne2 d6 10. Bd2 a5 11. c3 Ba6 12. c4 Na7 13. d4 Nac6 14. d5 Nb8 15. O-O Ng6
16. Be3 Nd7 17. Bc2 Bxc4 18. Bd3 Bxd3 19. Qxd3 Be7 20. Ng3 O-O 21. Nf5 Nf6 22.
b3 Qd7 23. Nxe7+ Qxe7 24. Qc4 Qd7 25. h3 Nh7 26. Rfc1 Rfc8 27. h4 Nf6 28. g3 Qg4
29. Kf1 Qxf3 30. Qc6 Qxe4 31. Rc4 Qh1+ 32. Ke2 Qxa1 33. Rc2 Ne4 34. Qc4 Nc3+ 35.
Rxc3 bxc3 0-1

[Event "Challenge"]
[Site "http://www.queenalice.com/game.php?id=1303851"]
[Date "2014.8.24"]
[Round "-"]
[White "constantin"]
[Black "Betov"]
[Result "1-0"]
[WhiteElo "1618"]
[BlackElo "1644"]

1. e4 e5 2. Nf3 Nc6 3. Bc4 d6 4. d3 Be7 5. h4 h5 6. a3 a6 7. Bg5 Nd4 8. Bxe7
Qxe7 9. Ng5 Be6 10. Bxe6 Nxe6 11. Nf3 Nf6 12. Nh2 Nf4 13. g3 Nh3 14. f3 d5 15.
Qe2 d4 16. Qg2 Qe6 17. Nd2 g5 18. Nhf1 g4 19. b3 Qc6 20. Nc4 Nd7 21. Rc1 b5 22.
Ncd2 Nc5 23. Nh2 Nxd3+ 24. cxd3 Qxc1+ 25. Ke2 Qxa3 26. fxg4 hxg4 27. Qf1 Rg8 28.
Qf5 Qd6 29. Nxg4 Qg6 30. Nf6+ Kf8 31. Nxg8 Qxf5 32. exf5 Kxg8 33. Rxh3 Kh7 34.
Nf3 f6 35. g4 Rg8 36. g5 fxg5 37. hxg5+ Kg7 38. Nxe5 Re8 39. f6+ 1-0

[Event "Challenge"]
[Site "http://www.queenalice.com/game.php?id=1305223"]
[Date "2014.8.30"]
[Round "-"]
[White "Andrei_78"]
[Black "Betov"]
[Result "0-1"]
[WhiteElo "1679"]
[BlackElo "1695"]

1. e4 e5 2. Nf3 Nc6 3. a3 Nf6 4. Bd3 Be7 5. O-O d6 6. Bb5 Bd7 7. Bxc6 Bxc6 8. d3
h6 9. h3 O-O 10. Nc3 a6 11. b4 b5 12. Be3 Bb7 13. Ne2 d5 14. Nxe5 dxe4 15. Nf4
exd3 16. cxd3 Bd6 17. Ng4 Nxg4 18. hxg4 Qh4 19. f3 Rfe8 20. Qe2 Bxf4 21. Qf2
Qh2# 0-1

[Event "Challenge"]
[Site "http://www.queenalice.com/game.php?id=1312189"]
[Date "2014.10.3"]
[Round "-"]
[White "Betov"]
[Black "Equiferus"]
[Result "0-1"]
[WhiteElo "1679"]
[BlackElo "1831"]

1. e4 d5 2. exd5 Qxd5 3. Nc3 Qd8 4. d4 e6 5. Nf3 Nf6 6. Bc4 Bb4 7. Bd2 O-O 8. a3
Be7 9. Ne5 a6 10. O-O Nc6 11. Nxc6 bxc6 12. Qf3 Bb7 13. Be3 Rb8 14. Qg3 Nh5 15.
Qg4 Nf6 16. Qe2 Nd5 17. Nxd5 cxd5 18. Bxa6 Bxa6 19. Qxa6 Rxb2 20. Qd3 Qb8 21. g3
Qa7 22. Rab1 Rxb1 0-1

[Event "Challenge"]
[Site "http://www.queenalice.com/game.php?id=1312190"]
[Date "2014.10.3"]
[Round "-"]
[White "Betov"]
[Black "Equiferus"]
[Result "0-1"]
[WhiteElo "1698"]
[BlackElo "1835"]

1. e4 d5 2. exd5 Qxd5 3. Nc3 Qa5 4. d4 e6 5. Bd2 c5 6. Ne4 Qc7 7. Nxc5 Bxc5 8.
dxc5 Qxc5 9. Nf3 Nf6 10. b4 Qe7 11. Bd3 O-O 12. Bc3 Bd7 13. O-O Nc6 14. a3 Nd5
15. Qd2 Nxc3 16. Qxc3 Rac8 17. Qd2 h6 18. c4 b6 19. b5 Na5 20. Nd4 Nxc4 0-1

[Event "Challenge"]
[Site "http://www.queenalice.com/game.php?id=1318526"]
[Date "2014.10.28"]
[Round "-"]
[White "gobblemate"]
[Black "Betov"]
[Result "0-1"]
[WhiteElo "1056"]
[BlackElo "1550"]

1. d4 d5 2. Nf3 Nc6 3. Bf4 Nf6 4. c4 dxc4 5. Nc3 Bg4 6. e3 e6 7. Bxc4 Be7 8. O-O
a6 9. a4 h6 10. Kh1 O-O 11. h3 Bf5 12. Qe2 Nh5 0-1

[Event "Challenge"]
[Site "http://www.queenalice.com/game.php?id=1318527"]
[Date "2014.10.28"]
[Round "-"]
[White "Betov"]
[Black "gobblemate"]
[Result "1-0"]
[WhiteElo "1550"]
[BlackElo "1056"]

1. e4 c5 2. Nf3 e6 3. d4 Nc6 4. Nc3 Be7 5. Be2 d5 6. exd5 exd5 7. Be3 cxd4 8.
Nxd4 Nf6 9. Bb5 Bd7 10. O-O O-O 11. a3 a6 12. Nxc6 1-0

[Event "Challenge"]
[Site "http://www.queenalice.com/game.php?id=1323916"]
[Date "2014.11.24"]
[Round "-"]
[White "Betov"]
[Black "Vladimir"]
[Result "0-1"]
[WhiteElo "1619"]
[BlackElo "1820"]

1. e4 e5 2. Nf3 Nc6 3. Nc3 Nf6 4. Bb5 Bd6 5. d3 a6 6. Ba4 b5 7. Bb3 h6 8. Bd2
O-O 9. a4 Bb7 10. axb5 axb5 11. Nxb5 Rxa1 12. Qxa1 Qa8 13. Qxa8 Rxa8 14. O-O g5
15. Nxd6 cxd6 16. Bc3 Kg7 17. h3 Ne7 18. Bc4 Nc8 19. Re1 Ne7 20. Bb4 Nc8 0-1

[Event "OS INCLIVEIS"]
[Site "http://www.queenalice.com/game.php?id=1331882"]
[Date "2014.12.31"]
[Round "-"]
[White "adelio"]
[Black "Betov"]
[Result "1-0"]
[WhiteElo "1712"]
[BlackElo "1562"]

1. d4 d5 2. e4 dxe4 3. Nc3 Nf6 4. f3 exf3 5. Nxf3 Bg4 6. h3 Bxf3 7. Qxf3 Nc6 8.
Be3 e6 9. a3 Be7 10. Rd1 O-O 11. h4 Qd6 12. h5 h6 13. g4 Nd5 14. Ne4 Qd8 15. g5
Nxe3 16. Qxe3 hxg5 17. Bd3 g4 18. Qg3 Nxd4 19. Qxg4 Bh4+ 20. Kf1 Bf6 21. Rd2 1-0

[Event "OS INCLIVEIS"]
[Site "http://www.queenalice.com/game.php?id=1331883"]
[Date "2014.12.31"]
[Round "-"]
[White "Betov"]
[Black "adelio"]
[Result "0-1"]
[WhiteElo "1575"]
[BlackElo "1701"]

1. e4 a6 2. d4 c5 3. dxc5 e5 4. Nf3 Nc6 5. Bc4 Bxc5 6. Qd5 Bxf2+ 7. Kxf2 Qf6 8.
Bg5 Qe6 9. Qc5 Qg4 10. h3 Qxe4 11. Bb3 Nge7 12. Nc3 b6 13. Qxe7+ Nxe7 14. Nxe4
Nf5 15. Nxe5 f6 16. Nxd7 Bxd7 17. Bf4 Bc6 18. Nd6+ Nxd6 19. Bxd6 O-O-O 20. Bf4
g5 0-1

[Event "BRASIL!"]
[Site "http://www.queenalice.com/game.php?id=1332881"]
[Date "2015.1.5"]
[Round "-"]
[White "Wildhagen"]
[Black "Betov"]
[Result "1-0"]
[WhiteElo "1713"]
[BlackElo "1608"]

1. e4 e5 2. Nf3 Nc6 3. Bc4 Nf6 4. Nc3 Bb4 5. Nd5 Ba5 6. O-O d6 7. d3 a6 8. Ng5
O-O 9. Nxf6+ Qxf6 10. Qh5 h6 11. Nf3 1-0

[Event "Let's Play Chess!"]
[Site "http://www.queenalice.com/game.php?id=1351766"]
[Date "2015.4.5"]
[Round "-"]
[White "Betov"]
[Black "ledeon"]
[Result "0-1"]
[WhiteElo "1479"]
[BlackElo "1915"]

1. e4 e6 2. d4 d5 3. exd5 exd5 4. Nf3 Nf6 5. Nc3 Bb4 6. Bd2 O-O 7. a3 Ba5 8. b4
Bb6 9. a4 Bg4 10. Be3 Re8 11. Be2 c6 12. a5 Bc7 13. h3 Be6 14. Qd3 Na6 15. O-O
Nxb4 16. Qd1 Bxa5 17. Ne5 Bc7 18. Rb1 a5 19. f4 Bf5 20. Nd3 Rxe3 21. Qd2 Rg3 22.
Kh2 Rg6 0-1